[Event "ICS rated blitz match"]
[Site "204.178.125.65"]
[Date "2000.04.08"]
[Round "?"]
[White "prg3"]
[Black "Hossa"]
[Result "0-1"]
[WhiteElo "2087"]
[BlackElo "2400"]
[PlyCount "74"]

1. d4 Nf6 2. c4 e6 3. Nc3 Bb4 4. Qc2 O-O 5. a3 Bxc3+ 6. Qxc3 b6 7. Bg5 Bb7 8.
Nf3 d6 9. e3 Nbd7 10. Rc1 Bxf3 11. gxf3 e5 12. d5 a5 13. b3 Nc5 14. Rg1 a4 15.
b4 Nb3 16. Rd1 Kh8 17. Bd3 Re8 18. Bc2 h6 19. Bh4 g5 20. Bg3 Nd4 21. e4 Nh5 22.
Bd3 Nxf3+ 23. Ke2 Nxg1+ 24. Rxg1 Qf6 25. Bc2 g4 26. Ke1 Qf3 27. Qxf3 gxf3 28.
Bd1 Rg8 29. Bxf3 Nf6 30. Ke2 Rg5 31. h4 Rg6 32. Bh2 Rxg1 33. Bxg1 Rg8 34. Bh2
h5 35. Ke3 Ng4+ 36. Bxg4 Rxg4 37. f3 Rg2 0-1

[Event "ICS rated blitz match"]
[Site "204.178.125.65"]
[Date "2000.04.08"]
[Round "?"]
[White "Hossa"]
[Black "prg3"]
[Result "0-1"]
[WhiteElo "2405"]
[BlackElo "2082"]
[PlyCount "134"]

1. e4 e5 2. Nf3 Nc6 3. Nc3 Nf6 4. Nxe5 Nxe5 5. d4 Ng6 6. e5 Ng8 7. Bc4 Bb4 8.
Qf3 Qe7 9. O-O Bxc3 10. bxc3 Nh6 11. Re1 O-O 12. Bxh6 gxh6 13. Re3 d6 14. exd6
Qxd6 15. Rae1 Bd7 16. Qxb7 Qc6 17. Qb3 Rab8 18. Bxf7+ Kg7 19. Bd5 Qd6 20. Qc4
Bb5 21. Qc5 Qxc5 22. dxc5 Rbe8 23. c4 Ba4 24. f3 Rxe3 25. Rxe3 Bxc2 26. Ra3 Re8
27. Rxa7 Re7 28. Ra8 Nf4 29. a4 Nd3 30. Rg8+ Kf6 31. Be4 Nb4 32. Rb8 Bxe4 33.
Rxb4 Bc6 34. Kf2 Re8 35. f4 Ra8 36. g3 Rxa4 37. Rxa4 Bxa4 38. Ke3 Kf5 39. Kd4
h5 40. Ke3 Bc6 41. h3 Bg2 42. c6 Bxc6 43. c5 Bg2 44. h4 Bc6 45. Kd4 Ke6 46. Kc4
Kf6 47. Kd3 Kf5 48. Kd4 Kg4 49. Ke5 Kxg3 50. f5 Kxh4 51. f6 Be8 52. Ke6 Kg5 53.
Ke5 h4 54. Ke4 Kg4 55. Ke3 Kg3 56. Kd4 h3 57. Kd5 h2 58. Ke6 h1=Q 59. Ke7 Qe4+
60. Kd8 Qe6 61. Kxc7 Qxf6 62. Kb7 Qc6+ 63. Ka7 Qxc5+ 64. Kb7 Qc6+ 65. Ka7 Qb5
66. Ka8 Bc6+ 67. Ka7 Qb7# 0-1

[Event "ICS rated blitz match"]
[Site "204.178.125.65"]
[Date "2000.04.08"]
[Round "?"]
[White "prg3"]
[Black "Hossa"]
[Result "0-1"]
[WhiteElo "2110"]
[BlackElo "2377"]
[PlyCount "134"]

1. d4 d5 2. c4 c6 3. Nc3 Nf6 4. Nf3 e6 5. e3 Nbd7 6. Qc2 Bb4 7. a3 Bd6 8. b3 e5
9. cxd5 Nxd5 10. Nxd5 cxd5 11. dxe5 Nxe5 12. Nxe5 Bxe5 13. Bb2 Bxb2 14. Qxb2
O-O 15. Be2 Bf5 16. O-O Be4 17. Rfd1 Qg5 18. Bf1 Rac8 19. Rac1 Rxc1 20. Rxc1
Qe7 21. b4 b6 22. Qc3 Ra8 23. Qc7 Qxc7 24. Rxc7 Bf5 25. Ba6 h5 26. h4 g6 27.
Kf1 Kg7 28. Ke2 Bg4+ 29. Kd2 Bf5 30. Kc3 Be4 31. g3 Kf6 32. Kd4 Ke6 33. a4 Bf3
34. Rc8 Rxc8 35. Bxc8+ Kd6 36. a5 Kc7 37. Ba6 Kd6 38. axb6 axb6 39. Bb5 Ke6 40.
Bc6 Be4 41. Bb7 Kd6 42. Ba6 Bf3 43. Bd3 Bg4 44. Bb5 Bf3 45. Bd3 Bg4 46. Ba6 Bf3
47. Bf1 Ke6 48. Bh3+ Kd6 49. Bf1 Ke6 50. Bb5 Kd6 51. Ba6 Kc6 52. Ke5 b5 53. Bc8
Bg2 54. Ba6 Bh3 55. Kf6 Be6 56. Ke7 Kb6 57. Kd6 Kxa6 58. Kc6 Bf5 59. Kxd5 Bd3
60. e4 Kb6 61. Kd6 Bxe4 62. f4 Bf5 63. Kd5 Kc7 64. Kc5 Bd7 65. Kd5 f6 66. Kc5
Bc6 67. Kd4 Kd6 0-1

[Event "ICS rated blitz match"]
[Site "204.178.125.65"]
[Date "2000.04.08"]
[Round "?"]
[White "Hossa"]
[Black "perro-rabioso"]
[Result "1-0"]
[WhiteElo "2383"]
[BlackElo "2024"]
[PlyCount "35"]

1. e4 e5 2. Nf3 Nf6 3. Nxe5 d6 4. Nf3 Nxe4 5. d4 d5 6. Bd3 Bd6 7. O-O O-O 8. c4
c6 9. cxd5 cxd5 10. Nc3 Bf5 11. Qb3 Nd2 12. Bxd2 Bxd3 13. Rfe1 Nd7 14. Nxd5 Bg6
15. Bg5 Qa5 16. Be7 Bxe7 17. Nxe7+ Kh8 18. Qxb7 1-0

[Event "ICS rated blitz match"]
[Site "204.178.125.65"]
[Date "2000.04.08"]
[Round "?"]
[White "hentairaper"]
[Black "Hossa"]
[Result "1/2-1/2"]
[WhiteElo "2179"]
[BlackElo "2387"]
[PlyCount "288"]

1. e4 e5 2. Nf3 Nc6 3. Be2 Nf6 4. Nc3 Bb4 5. O-O Bxc3 6. dxc3 Nxe4 7. Nxe5 Nxe5
8. Qd5 O-O 9. Qxe4 Re8 10. Rd1 Nc6 11. Qf3 d6 12. Be3 Qh4 13. Qd5 Re5 14. Qb3
Na5 15. Qb4 Qe7 16. Bf3 Nc6 17. Qb3 a5 18. a4 g6 19. Bd5 Qe8 20. Bf4 Re7 21.
Bg5 Re2 22. Qc4 Re5 23. Bf6 Re2 24. Bf3 Re6 25. Qh4 Ne7 26. Be4 Ra6 27. Bd3 Rb6
28. b4 d5 29. Bd4 Rbd6 30. b5 b6 31. Qg3 f6 32. Be3 c5 33. c4 d4 34. Bd2 Qf8
35. Bf4 Rd8 36. Bc7 Re8 37. c3 dxc3 38. Bc2 Qg7 39. Qxc3 Bb7 40. Qg3 Nc8 41.
Bd3 Be4 42. Bf1 Bc2 43. Rd2 f5 44. Rc1 Bxa4 45. Bb8 Re4 46. Ra2 f4 47. Qf3 Bb3
48. Qxb3 Qb7 49. Bxf4 Rxf4 50. Rd1 Qf7 51. Rad2 Qf6 52. Qa2 Rf8 53. g3 Re4 54.
Bg2 Re7 55. Bc6 Qc3 56. h4 Kg7 57. h5 gxh5 58. Bg2 h4 59. Rd3 Qf6 60. Rf3 Rd8
61. Rxd8 Re1+ 62. Kh2 Qxd8 63. Qa3 Re4 64. Rd3 Rd4 65. Qc3 Qf6 66. Rf3 hxg3+
67. Rxg3+ Kh8 68. Qe1 Nd6 69. Kg1 h5 70. Bd5 Rg4 71. Rxg4 hxg4 72. Qe2 Qf4 73.
Qe6 Kg7 74. Qg8+ Kh6 75. Qh8+ Kg6 76. Qg8+ Kh5 77. Qh8+ Kg6 78. Qg8+ Kf5 79.
Qe6+ Kg5 80. Qg8+ Kf6 81. Qd8+ Ke5 82. Qxb6 Kd4 83. Qxa5 Qc1+ 84. Kg2 Nxc4 85.
Bxc4 Qxc4 86. Qd2+ Ke4 87. b6 Qf7 88. Qe2+ Kd5 89. Qa2+ c4 90. Qa8+ Kc5 91. b7
Qd5+ 92. Kg3 Qf3+ 93. Kh4 Qxf2+ 94. Kxg4 Qd4+ 95. Kf5 Qd7+ 96. Ke4 Qe6+ 97. Kf4
Qf6+ 98. Ke3 Qh6+ 99. Ke2 Qh2+ 100. Kf3 Qh3+ 101. Kf4 Qf1+ 102. Ke5 Qe2+ 103.
Kf6 Qf3+ 104. Ke7 Qe4+ 105. Kf8 Qf5+ 106. Kg7 Qe5+ 107. Kg6 Qe6+ 108. Kh5 Qf5+
109. Kh4 Qf4+ 110. Kh3 Qf3+ 111. Kh4 Qe4+ 112. Kg3 Qe1+ 113. Kf3 Qd1+ 114. Kf2
Qd2+ 115. Kf1 Qf4+ 116. Ke1 Qc1+ 117. Ke2 Qc2+ 118. Kf1 Qd3+ 119. Ke1 Qe3+ 120.
Kd1 Qg1+ 121. Kc2 Qf2+ 122. Kb1 Qf5+ 123. Kb2 Qe5+ 124. Kc2 Qh2+ 125. Kb1 Qh1+
126. Kb2 Qg2+ 127. Ka1 Qf1+ 128. Ka2 Qe2+ 129. Kb1 Qd1+ 130. Kb2 Qd2+ 131. Ka1
Qc1+ 132. Ka2 Qc2+ 133. Ka1 Qc3+ 134. Kb1 Qb3+ 135. Kc1 Qc3+ 136. Kd1 Qd4+ 137.
Ke2 Qe4+ 138. Kf2 Qh4+ 139. Kg2 Qg4+ 140. Kh1 Qh3+ 141. Kg1 Qg3+ 142. Kh1 Qf3+
143. Kh2 Qf2+ 144. Kh3 Qf3+ 1/2-1/2

[Event "ICS rated blitz match"]
[Site "204.178.125.65"]
[Date "2000.04.08"]
[Round "?"]
[White "Hossa"]
[Black "hentairaper"]
[Result "0-1"]
[WhiteElo "2386"]
[BlackElo "2234"]
[PlyCount "110"]

1. e4 e5 2. Nf3 Nf6 3. d4 Nxe4 4. Bd3 d5 5. Nxe5 Bd6 6. O-O O-O 7. c4 Bxe5 8.
dxe5 Nc6 9. cxd5 Qxd5 10. Qc2 Nb4 11. Bxe4 Nxc2 12. Bxd5 Nxa1 13. Na3 Bf5 14.
Bg5 c6 15. Bxf7+ Rxf7 16. Rxa1 Be6 17. b3 Rf5 18. f4 h6 19. g4 Rf7 20. f5 Bxf5
21. gxf5 hxg5 22. Rf1 Raf8 23. Nc4 Rxf5 24. Re1 Re8 25. Rd1 Re6 26. Rc1 g4 27.
a4 Rf3 28. Rb1 b5 29. Na5 Rc3 30. axb5 cxb5 31. Re1 Rc5 32. Kf2 Rcxe5 33. Rxe5
Rxe5 34. Nc6 Rf5+ 35. Kg1 Rc5 36. Nxa7 b4 37. Kg2 Kf7 38. Kf2 Ke6 39. Kg3 Ke5
40. Kxg4 Rc7 41. Nb5 Rb7 42. Kg5 Rxb5 43. Kg6 Rb7 44. h4 Kd4 45. Kg5 Kc3 46.
Kg4 Kxb3 47. h5 Kc4 48. Kf4 b3 49. Ke4 b2 50. Kf4 Rf7+ 51. Kg3 b1=Q 52. Kg2
Qe4+ 53. Kg3 Rf3+ 54. Kg2 Qe2+ 55. Kh1 Rf1# 0-1

[Event "ICS rated standard match"]
[Site "204.178.125.65"]
[Date "2000.04.08"]
[Round "?"]
[White "Hossa"]
[Black "chess-bomber"]
[Result "1-0"]
[WhiteElo "2266"]
[BlackElo "1995"]
[PlyCount "58"]

1. e4 g6 2. d4 Bg7 3. Nc3 d6 4. Nf3 c6 5. Be2 Nd7 6. O-O Qc7 7. Bd3 h6 8. Re1
e5 9. Be3 Ngf6 10. dxe5 dxe5 11. Qd2 Ng4 12. Bc4 O-O 13. Rad1 a6 14. Nh4 Kh7
15. a3 b5 16. Bb3 Nxe3 17. Rxe3 Nc5 18. Ba2 Bf6 19. Nf3 Ne6 20. Qd6 Ra7 21.
Bxe6 Qxd6 22. Rxd6 Bxe6 23. Rxc6 Rd8 24. b4 Kg7 25. Rd3 Rxd3 26. cxd3 Rd7 27.
h3 Rxd3 28. Ne1 Rd2 29. Rxa6 Rc2 1-0

[Event "ICS rated standard match"]
[Site "204.178.125.65"]
[Date "2000.04.08"]
[Round "?"]
[White "chess-bomber"]
[Black "Hossa"]
[Result "0-1"]
[WhiteElo "1989"]
[BlackElo "2272"]
[PlyCount "154"]

1. g3 d5 2. Bg2 c6 3. d3 Nf6 4. Nd2 e5 5. c3 Nbd7 6. Qc2 Bd6 7. Ngf3 O-O 8. O-O
Re8 9. e4 b6 10. Re1 dxe4 11. dxe4 Ba6 12. a3 Nc5 13. c4 Ne6 14. b4 Nd4 15.
Nxd4 exd4 16. f4 Bf8 17. e5 d3 18. Qc3 Qd7 19. Bb2 Ng4 20. h3 Nh6 21. Rad1 b5
22. c5 Nf5 23. Kh2 Red8 24. Ne4 h5 25. Nd6 h4 26. g4 Ng3 27. Rxd3 Bb7 28. Bf3
Rab8 29. Red1 Qe7 30. R1d2 Nf1+ 31. Kg2 Nxd2 32. Rxd2 Qc7 33. Be4 Ra8 34. Bb1
a5 35. Ba2 axb4 36. Qb3 bxa3 37. Ba1 Rd7 38. Qd3 Bxd6 39. exd6 Qd8 40. Bb1 g6
41. Qc3 f6 42. Bxg6 Rg7 43. Bf5 Bc8 44. Bxc8 Rxc8 45. Qxa3 Rf7 46. Qc3 Ra8 47.
Re2 Qa5 48. Qxa5 Rxa5 49. Re8+ Kg7 50. Bd4 Ra4 51. Re4 Kf8 52. Kf3 Ra3+ 53. Be3
Ra1 54. f5 Rf1+ 55. Bf2 Rh1 56. Kg2 Rc1 57. Re2 Kg7 58. Ra2 b4 59. Ra6 b3 60.
Rb6 Rc3 61. Bxh4 Rxc5 62. Rxb3 Rd7 63. Bg3 Rd5 64. h4 c5 65. Rc3 Rb7 66. Kh3
Rb2 67. Bf4 Rb4 68. Bg3 Rb2 69. Re3 Rb7 70. Kg2 c4 71. Rc3 Rb2+ 72. Kh3 Rb4 73.
Re3 Rb3 74. Re7+ Kf8 75. Rc7 Rdd3 76. d7 Rxg3+ 77. Kh2 Rgd3 0-1

[Event "ICS rated standard match"]
[Site "204.178.125.65"]
[Date "2000.04.08"]
[Round "?"]
[White "Hossa"]
[Black "chess-bomber"]
[Result "0-1"]
[WhiteElo "2277"]
[BlackElo "1984"]
[PlyCount "108"]

1. d4 Nf6 2. c4 c5 3. d5 e6 4. Nc3 exd5 5. cxd5 d6 6. e4 g6 7. Nf3 Bg7 8. Be2
O-O 9. O-O Re8 10. Nd2 a6 11. a4 Nbd7 12. f4 Qc7 13. Bf3 Rb8 14. g4 c4 15. g5
Nh5 16. Bxh5 gxh5 17. Qe2 b5 18. axb5 axb5 19. Kh1 Nc5 20. Qf3 Bg4 21. Qe3 b4
22. Ncb1 Nd3 23. Ra7 Qc8 24. b3 Nxc1 25. Rxc1 c3 26. Nxc3 bxc3 27. Nc4 Qc5 28.
Qxc5 dxc5 29. Nd6 Bf3+ 30. Kg1 Rxe4 31. Nxe4 Bxe4 32. d6 Rd8 33. Re1 c2 34. d7
Bd4+ 35. Kf1 c4 36. Rc7 cxb3 37. Rxe4 b2 38. Re8+ Kg7 39. Ke2 Rxd7 40. Rxc2
b1=Q 41. Rd2 Qb5+ 42. Kd1 Qf5 43. Kc1 Qxf4 44. Kd1 Qf1+ 45. Re1 Qxe1+ 46. Kxe1
Bc3 47. Kf1 Rxd2 48. h3 h4 49. Kg1 Kg6 50. Kh1 Kxg5 51. Kg1 Kf4 52. Kf1 Kf3 53.
Ke1 f5 54. Kf1 Rd1# 0-1

[Event "ICS rated standard match"]
[Site "204.178.125.65"]
[Date "2000.04.08"]
[Round "?"]
[White "Evilone"]
[Black "Hossa"]
[Result "0-1"]
[WhiteElo "2114"]
[BlackElo "2250"]
[PlyCount "68"]

1. d4 d5 2. c4 e6 3. e4 dxe4 4. f3 Nc6 5. Be3 Bb4+ 6. Nc3 Nf6 7. a3 Bxc3+ 8.
bxc3 O-O 9. Qc2 exf3 10. Nxf3 Re8 11. Be2 e5 12. d5 e4 13. Nd4 Nxd4 14. Bxd4 c6
15. dxc6 bxc6 16. O-O Ng4 17. Bxg4 Bxg4 18. Qf2 Qd7 19. Qg3 c5 20. Bxc5 Rac8
21. Bd4 Rxc4 22. h3 Rxd4 23. cxd4 Be2 24. Rfe1 Qxd4+ 25. Kh1 Bb5 26. Rad1 Qf6
27. Qc7 Qf2 28. Rc1 a6 29. Qc2 e3 30. Qb3 Bc6 31. Rxc6 Qxe1+ 32. Kh2 Qd2 33.
Rxa6 e2 34. Ra7 Qf4+ 0-1

[Event "ICS rated standard match"]
[Site "204.178.125.65"]
[Date "2000.04.08"]
[Round "?"]
[White "Hossa"]
[Black "chess-bomber"]
[Result "1-0"]
[WhiteElo "2260"]
[BlackElo "2011"]
[PlyCount "131"]

1. e4 g6 2. d4 Bg7 3. Nc3 d6 4. Nf3 c6 5. Be2 Nd7 6. O-O h6 7. Be3 Qc7 8. Qd2
Ngf6 9. d5 c5 10. Bb5 a6 11. Be2 Ng4 12. Bf4 b5 13. a3 Nde5 14. Nxe5 Nxe5 15.
Bg3 O-O 16. Bf4 Kh7 17. Be3 Rb8 18. b3 Qa5 19. Ra2 Nc4 20. bxc4 Bxc3 21. Qc1 h5
22. Bh6 Re8 23. Rd1 Bd7 24. cxb5 Bxb5 25. Bd3 Bd7 26. Bf1 Rb6 27. Qf4 f6 28. h4
Reb8 29. Be2 Rb1 30. Rc1 Rxc1+ 31. Qxc1 Qb6 32. Bf4 Qb1 33. Qxb1 Rxb1+ 34. Kh2
a5 35. Bc4 Ba4 36. Bd3 Rb2 37. Rxb2 Bxb2 38. Bd2 Bxa3 39. Bxa5 Kg7 40. Kg3 Bb2
41. Kf3 c4 42. Bxc4 Bxc2 43. Bd8 Kf7 44. Bb5 f5 45. exf5 Bxf5 46. Bc6 Bf6 47.
g3 Be5 48. Ke2 Bc8 49. Ke3 e6 50. Bc7 exd5 51. Bxd5+ Be6 52. Be4 Kf6 53. f4 Bb2
54. Bxd6 Bc1+ 55. Kd3 Bb2 56. Bc6 Bf7 57. Ke4 Be6 58. Be5+ Bxe5 59. fxe5+ Ke7
60. Kd4 Ba2 61. Be4 Bf7 62. Ke3 Ke6 63. Kf4 Be8 64. Kg5 Kxe5 65. Bxg6 Bd7 66.
Bxh5 1-0

[Event "ICS rated blitz match"]
[Site "204.178.125.65"]
[Date "2000.04.08"]
[Round "?"]
[White "PostModernist"]
[Black "Hossa"]
[Result "1-0"]
[WhiteElo "2513"]
[BlackElo "2382"]
[PlyCount "130"]
[EventDate "2000.??.??"]

1. d4 d5 2. Nf3 Nf6 3. e3 e6 4. Nbd2 c5 5. Bd3 Nc6 6. c3 Bd6 7. O-O O-O 8. e4
cxd4 9. cxd4 dxe4 10. Nxe4 Nxe4 11. Bxe4 Bd7 12. d5 exd5 13. Qxd5 Bg4 14. Ng5
g6 15. Be3 Qc7 16. h3 Be2 17. Rfe1 Ba6 18. Bc5 Bh2+ 19. Kh1 Rad8 20. Qb3 Bd6
21. Rac1 Bxc5 22. Rxc5 Qd6 23. Qc3 Nd4 24. Rd1 Be2 25. Rd2 h6 26. Bxb7 hxg5 27.
Rd5 Qe7 28. Qxd4 Rxd5 29. Bxd5 Re8 30. f3 Bb5 31. a4 Qe1+ 32. Kh2 Ba6 33. Qxa7
Re7 34. Qd4 g4 35. fxg4 Rd7 36. Qf4 Kg7 37. Rf2 Bd3 38. Bxf7 Qe7 39. g5 Bf5 40.
g4 Qxf7 41. Qe5+ Kg8 42. gxf5 Re7 43. Qc5 Qf8 44. fxg6 Qb8+ 45. Kg2 Qb7+ 46.
Kg3 Qb3+ 47. Rf3 Qb8+ 48. Rf4 Qe8 49. Qd5+ Kg7 50. Rf7+ Rxf7 51. Qxf7+ Qxf7 52.
gxf7 Kxf7 53. a5 Kg6 54. Kf4 Kf7 55. a6 Ke6 56. a7 Kd6 57. g6 Ke6 58. a8=Q Kd6
59. g7 Kc5 60. g8=Q Kb5 61. Qb7+ Kc5 62. Qe6 Kd4 63. Qbe4+ Kc5 64. b4+ Kb5 65.
Q6c4+ Kb6 1-0

[Event "ICS rated blitz match"]
[Site "204.178.125.65"]
[Date "2000.04.08"]
[Round "?"]
[White "Hossa"]
[Black "Tinker"]
[Result "1-0"]
[WhiteElo "2372"]
[BlackElo "2483"]
[PlyCount "45"]

1. e4 e5 2. Nf3 d6 3. d4 exd4 4. Nxd4 d5 5. exd5 Qxd5 6. Qe2+ Ne7 7. Be3 a6 8.
Nc3 Qd6 9. O-O-O Nd7 10. Nf3 Qc6 11. Bf4 Ra7 12. Nd4 Qc5 13. Kb1 b6 14. Be3 Qe5
15. f4 Qf6 16. Ne4 Qg6 17. f5 Nxf5 18. Nxf5 Kd8 19. Neg3 Bb7 20. Qd2 Bc6 21.
Bd3 Qg4 22. Nd4 Bd5 23. Bf5 1-0

[Event "ICS rated blitz match"]
[Site "204.178.125.65"]
[Date "2000.04.08"]
[Round "?"]
[White "Tinker"]
[Black "Hossa"]
[Result "0-1"]
[WhiteElo "2462"]
[BlackElo "2393"]
[PlyCount "200"]

1. e4 e5 2. Nf3 Nc6 3. d4 exd4 4. Nxd4 Nf6 5. Nxc6 bxc6 6. e5 Qe7 7. Qe2 Nd5 8.
c3 g6 9. h4 Bg7 10. f4 d6 11. exd6 cxd6 12. Qxe7+ Nxe7 13. Be2 Nf5 14. Bf3 d5
15. g4 Nh6 16. g5 Nf5 17. Kd1 O-O 18. Bd2 Re8 19. b3 Rb8 20. Kc1 Ba6 21. Bg4
Bd3 22. Rh3 Be4 23. Kb2 c5 24. Na3 h5 25. gxh6 Nxh6 26. Bd1 Bf5 27. Rg3 Rb6 28.
Bc2 Re2 29. Rd1 d4 30. cxd4 Bxd4+ 31. Bc3 Bxc2 32. Nxc2 Nf5 33. Rh3 Rf2 34.
Rdd3 Rxf4 35. h5 g5 36. Rh1 g4 37. Kc1 g3 38. Rg1 Rh4 39. Bxd4 cxd4 40. Kb1 Rd6
41. Rf3 Rxh5 42. Ne1 Rg6 43. Rf4 a6 44. Nf3 Rd6 45. Ka1 Kf8 46. Ne5 d3 47. Nc4
Rd5 48. Rff1 Rg5 49. Rd1 Nd4 50. Rg2 Ne2 51. Nd2 Nf4 52. Rgg1 f5 53. Rc1 Ne2
54. Rc8+ Ke7 55. Rg2 Nf4 56. Rg1 Ne6 57. Ra8 Nc7 58. Rc8 Kd7 59. Rh8 Rg7 60.
Nc4 Rg6 61. Rg2 Ke6 62. Rh7 Rc5 63. Rg1 d2 64. Nxd2 Kf6 65. Nf3 Rc3 66. Nd4 Ne8
67. Ne2 Rc2 68. Nxg3 Ng7 69. Rh8 Kf7 70. Rb8 Rc7 71. Ra8 Rd7 72. Kb2 Ne6 73.
Kc1 Nd4 74. Kb1 Nf3 75. Rh1 Rxg3 76. Rxa6 f4 77. Ra4 Rd4 78. Rxd4 Nxd4 79. Rh7+
Ke6 80. Rh6+ Kd5 81. Rh1 Nxb3 82. axb3 Rxb3+ 83. Kc2 Re3 84. Kd2 Ke4 85. Rh8
Kf3 86. Rh3+ Kf2 87. Rh2+ Kg3 88. Rh6 Re7 89. Rg6+ Kf2 90. Kd3 f3 91. Rg8 Kf1
92. Rg6 f2 93. Kd2 Rd7+ 94. Kc3 Rd5 95. Rg7 Ke2 96. Re7+ Kf3 97. Rf7+ Ke3 98.
Rf6 Rd3+ 99. Kc2 Rd4 100. Rxf2 Kxf2 0-1

[Event "ICS rated blitz match"]
[Site "204.178.125.65"]
[Date "2000.04.08"]
[Round "?"]
[White "Hossa"]
[Black "hubione"]
[Result "1-0"]
[WhiteElo "2412"]
[BlackElo "2188"]
[PlyCount "119"]

1. e4 c5 2. Nf3 Nc6 3. d4 cxd4 4. Nxd4 Nf6 5. Nc3 d6 6. Bg5 e6 7. Qd2 a6 8.
O-O-O h6 9. Be3 Be7 10. f4 Nxd4 11. Bxd4 b5 12. Qe3 Qc7 13. e5 dxe5 14. fxe5
Nd7 15. Ne4 Bb7 16. Nd6+ Qxd6 17. exd6 Bg5 18. Qxg5 hxg5 19. Bxg7 Rh4 20. Bd4
Rc8 21. Bf2 Rh6 22. Be3 f6 23. Rd2 Kf7 24. Kd1 Rh4 25. Bf2 Rh6 26. b3 Bd5 27.
a4 bxa4 28. bxa4 Rb8 29. Ke1 Rb1+ 30. Rd1 Rb4 31. a5 Re4+ 32. Kd2 Ra4 33. Bb6
Rh8 34. Rc1 Rc8 35. Ke1 Rc6 36. Bc7 Ne5 37. c3 Ke8 38. Rg1 Ra2 39. h3 Ra3 40.
Be2 Raxc3 41. Rxc3 Rxc3 42. Bxa6 Rc1+ 43. Kf2 Rc2+ 44. Kg3 Rc3+ 45. Kh2 Kd7 46.
Bb5+ Kc8 47. a6 g4 48. Be2 g3+ 49. Kh1 Rc2 50. Bb5 Rb2 51. Bf1 Kd7 52. a7 Ra2
53. Bb5+ Kc8 54. Bb8 Nd7 55. Rc1+ Kd8 56. Bf1 f5 57. Kg1 f4 58. Re1 Rb2 59.
Bc7+ Kc8 60. Ba6+ 1-0

[Event "ICS rated blitz match"]
[Site "204.178.125.65"]
[Date "2000.04.08"]
[Round "?"]
[White "Pelopincho"]
[Black "Hossa"]
[Result "1-0"]
[WhiteElo "2199"]
[BlackElo "2419"]
[PlyCount "59"]

1. e4 c6 2. d4 d5 3. Nc3 dxe4 4. Nxe4 Nd7 5. Nf3 Ngf6 6. Ng3 e6 7. Bd3 c5 8. c3
cxd4 9. Nxd4 Be7 10. O-O O-O 11. Re1 Nc5 12. Bc2 Nd5 13. Nh5 Bd6 14. b4 Na6 15.
Nxg7 Kxg7 16. Qh5 f5 17. Rxe6 Kg8 18. Bxf5 Rxf5 19. Qg4+ Kf7 20. Qxf5+ Nf6 21.
Bg5 Bxe6 22. Nxe6 Bxh2+ 23. Kh1 Qe7 24. Re1 b5 25. Bxf6 Qxf6 26. Ng5+ Kg7 27.
Qxh7+ Kf8 28. Re7 Nxb4 29. Rf7+ Ke8 30. Qg8# 1-0

[Event "ICS rated blitz match"]
[Site "204.178.125.65"]
[Date "2000.04.08"]
[Round "?"]
[White "Hossa"]
[Black "scriabin"]
[Result "0-1"]
[WhiteElo "2394"]
[BlackElo "2066"]
[PlyCount "128"]

1. e4 e6 2. d4 d5 3. e5 c5 4. c3 Nc6 5. Nf3 Qb6 6. a4 cxd4 7. cxd4 Bb4+ 8. Nc3
Nge7 9. Be3 Nf5 10. Bd3 Nxe3 11. fxe3 O-O 12. O-O f6 13. Qc2 f5 14. Rac1 Bd7
15. Qf2 Rac8 16. Bb5 Be7 17. Rc2 a6 18. Be2 Nb4 19. Rd2 Kh8 20. Bd1 g5 21. Be2
Rg8 22. Ne1 Be8 23. Bd1 Bg6 24. Bb3 Rcf8 25. Qe2 Rf7 26. Qd1 Rgf8 27. Re2 Nc6
28. Ref2 f4 29. Nxd5 exd5 30. Bxd5 Rg7 31. Bxc6 bxc6 32. exf4 gxf4 33. Nf3 Be4
34. Re2 Bd5 35. Ref2 Rfg8 36. Kh1 c5 37. a5 Qa7 38. Rd2 cxd4 39. Rff2 Bc5 40.
Rd3 Be4 41. b4 Bxd3 42. bxc5 Be4 43. Qe2 Bxf3 44. Qxf3 Qxc5 45. Qxf4 Qxa5 46.
g3 Qd5+ 47. Kg1 Rb7 48. Qf6+ Rbg7 49. Qf4 d3 50. Rd2 Re8 51. Rd1 Qxe5 52. Qxe5
Rxe5 53. Rxd3 Ra7 54. Rd1 a5 55. g4 Re2 56. g5 a4 57. Rc1 a3 58. Ra1 a2 59. Kf1
Rc2 60. Ke1 Rb7 61. Kd1 Rxh2 62. Rc1 Rb1 63. g6 hxg6 64. Rxb1 axb1=Q# 0-1

[Event "ICS rated blitz match"]
[Site "204.178.125.65"]
[Date "2000.04.08"]
[Round "?"]
[White "scriabin"]
[Black "Hossa"]
[Result "1/2-1/2"]
[WhiteElo "2122"]
[BlackElo "2366"]
[PlyCount "115"]

1. d4 d5 2. c4 e6 3. Nc3 Nf6 4. cxd5 exd5 5. Bg5 Be7 6. e3 O-O 7. Qc2 Nc6 8. a3
Re8 9. Bd3 h6 10. Bh4 a6 11. Nge2 Nh5 12. Bxe7 Nxe7 13. O-O c6 14. b4 g6 15. a4
Bf5 16. b5 Bxd3 17. Qxd3 axb5 18. axb5 Nf6 19. bxc6 bxc6 20. Ra6 Rxa6 21. Qxa6
Qc7 22. h3 Rb8 23. Rc1 Nd7 24. Nf4 Nb6 25. Rb1 Nec8 26. Qe2 Nd6 27. Nd3 Nd7 28.
Rxb8+ Qxb8 29. Qb2 Qd8 30. Qb4 Qb8 31. Qxb8+ Nxb8 32. Ne5 Nc4 33. Nd3 Nd6 34.
Nb4 Kg7 35. f3 Nc4 36. Kf2 Nb2 37. e4 dxe4 38. fxe4 f6 39. Ke3 Kf7 40. h4 h5
41. Ne2 Na4 42. Nf4 c5 43. dxc5 Nxc5 44. Nbd3 Ncd7 45. Nf2 Nc6 46. g4 hxg4 47.
Nxg4 Nce5 48. Nxe5+ Nxe5 49. Ne2 Ke6 50. Kf4 Nc4 51. Ng3 Kf7 52. Kg4 Ne5+ 53.
Kf4 Kg7 54. h5 Nd3+ 55. Ke3 Nc5 56. hxg6 Nxe4 57. Nxe4 Kxg6 58. Nxf6 1/2-1/2

[Event "ICS rated standard match"]
[Site "204.178.125.65"]
[Date "2000.04.08"]
[Round "?"]
[White "aliom"]
[Black "Hossa"]
[Result "0-1"]
[WhiteElo "1976"]
[BlackElo "2266"]
[PlyCount "60"]

1. e4 e5 2. Nf3 Nc6 3. Bb5 a6 4. Bxc6 dxc6 5. O-O Qd6 6. Na3 b5 7. c3 Bg4 8. h3
Bxf3 9. Qxf3 Qf6 10. Qxf6 Nxf6 11. d4 Bxa3 12. bxa3 Nxe4 13. Re1 Nxc3 14. Bd2
Nd5 15. Rxe5+ Kd7 16. Bb4 Rae8 17. Rae1 Rxe5 18. Rxe5 Re8 19. Rxe8 Kxe8 20. Bc5
Nc3 21. Kf1 Nxa2 22. Ke1 Nc1 23. Kf1 a5 24. f3 b4 25. axb4 a4 26. d5 a3 27. Bd4
Nb3 28. Bxg7 cxd5 29. Ke1 d4 30. Kd1 a2 0-1

[Event "ICS Rated standard match"]
[Site "204.178.125.65"]
[Date "2000.04.08"]
[Round "?"]
[White "Hossa"]
[Black "Nothing"]
[Result "1/2-1/2"]
[WhiteElo "2271"]
[BlackElo "2090"]
[PlyCount "51"]
[EventDate "2000.??.??"]

1. e4 c5 2. Nf3 Nc6 3. d4 cxd4 4. Nxd4 g6 5. Nc3 Bg7 6. Be3 Nf6 7. Bc4 O-O 8.
Bb3 Qa5 9. f3 d5 10. exd5 Nb4 11. Qd2 Nbxd5 12. Nxd5 Qxd2+ 13. Kxd2 Nxd5 14.
Bxd5 Rd8 15. c4 e6 16. Bxe6 Bxe6 17. Kc3 Rac8 18. b3 b5 19. Rad1 bxc4 20. b4
Rd7 21. Rhe1 Rcd8 22. a4 Rb7 23. Rd2 Rdb8 24. Bf4 Rd8 25. Be3 Rdb8 26. Bf4
1/2-1/2

[Event "ICS rated standard match"]
[Site "204.178.125.65"]
[Date "2000.04.08"]
[Round "?"]
[White "Nothing"]
[Black "Hossa"]
[Result "0-1"]
[WhiteElo "2098"]
[BlackElo "2263"]
[PlyCount "76"]

1. d4 Nf6 2. c4 e6 3. Nc3 Bb4 4. Nf3 c5 5. g3 cxd4 6. Nxd4 O-O 7. Bg2 d5 8.
cxd5 Nxd5 9. Bd2 Bxc3 10. bxc3 e5 11. Nb5 a6 12. Na3 Nc6 13. O-O Be6 14. Rb1
Qc7 15. c4 Nb6 16. Qc1 Nxc4 17. Nxc4 Nd4 18. Re1 Qxc4 19. Qxc4 Bxc4 20. a4
Nxe2+ 21. Kh1 Rab8 22. Rxb7 Rxb7 23. Bxb7 Rb8 24. Bg2 Rd8 25. Ba5 Rc8 26. h4 f6
27. Kh2 f5 28. Rb1 e4 29. Bf1 Nd4 30. Bxc4+ Rxc4 31. Rb6 Rxa4 32. Rxa6 h5 33.
Ra8+ Kh7 34. Ra7 Nc6 35. Rc7 Nxa5 36. Ra7 Ra3 37. Kg2 Nc4 38. Rxa3 Nxa3 0-1

[Event "ICS rated blitz match"]
[Site "204.178.125.65"]
[Date "2000.04.08"]
[Round "?"]
[White "Hossa"]
[Black "AMO"]
[Result "1-0"]
[WhiteElo "2356"]
[BlackElo "2238"]
[PlyCount "47"]

1. e4 c5 2. Nf3 e6 3. d4 cxd4 4. Nxd4 a6 5. c4 Qc7 6. Nc3 Nc6 7. Nxc6 bxc6 8.
Bd3 Nf6 9. O-O Bb7 10. Be3 h5 11. Qd2 Ng4 12. Bf4 e5 13. Bg5 f6 14. h3 Nh6 15.
Be3 d6 16. c5 g5 17. cxd6 Bxd6 18. h4 O-O-O 19. Na4 Rdg8 20. Bc4 Rg7 21. Rad1
Rd8 22. Bb6 Bc5 23. Qxd8+ Qxd8 24. Rxd8# 1-0